000 01985nam a2200217 4500
005 20250329165417.0
008 180709s2018 000 0 eng d
040 _aCO-CtgCURN
_bspa
_ccoctgcurn
082 0 _aBAC 2018
_bM357
100 1 _aMárquez Barrios, María Victoria.
245 1 0 _aDeterminación de valores de referencia de il-1b en saliva /
_cMaría Victoria Márquez Barrios; Directora Doris Olier Castillo.
260 _aCartagena de Indias :
_bCorporación Universitaria Rafael Nuñez,
_c2018.
300 _a35 hojas.
504 _aTrabajo de grado (Bacteriologia). Corporación Universitaria Rafael Nuñez. Facultad de Ciencias de la salud. Bacteriologia, 2018.
520 _aLas citoquinas son glicoprotenas de bajo peso molecular, las cuales son producidas por distintos tipos celulares del sistema inmune como células NK, macrófagos, linfocitos(L), principalmente LT en respuesta a una activación celular. Bajo este nombre se agrupan las protenas denominadas linfocinas, monocinas, interleucinas (IL) e interferones (IFN). La funcin fundamental de las citoquinas es la regulacin de la respuesta inmune y de la respuesta inflamatoria. Participan tanto en la respuesta innata como en la adaptativa uniéndose a respectivos receptores solubles de las membranas celulares ya sea en respuesta a infecciones, procesos inflamatorios o tumorales, actuando además como factores inflamatorios o antiinflamatorios, de cuyo equilibrio depende en parte la evolución de las enfermedades.
650 0 _aBacteriologia
_vTesis y disertaciones academicas.
700 1 _aOlier Castillo, Doris,
_eDirectora.
856 _uhttps://unicurn.sharepoint.com/:b:/s/biblioteca/ES9L3-L5goFNj6jvygXWCYoBx1wGDgHHZlpv_2RSDSWGRw?e=c1PfdJ
_zClick aqui para ver el recurso en texto completo
942 _2ddc
_cTG
_hBAC 2018
_iM357
999 _c3055
_d3055